| 000 | 01471cab a2200205 4500 | ||
|---|---|---|---|
| 001 | L130067 | ||
| 008 | 050620n2005 000 0 eng u | ||
| 035 | _a(Sirsi) u130067 | ||
| 041 | _aeng | ||
| 100 | _aWalton, Alistair | ||
| 245 | _aUK landowners warned over major advertising ruling | ||
| 260 | _c2005 | ||
| 490 |
_aEstate Agent _vJune 2005, 20(1) |
||
| 520 | _aExamines the important High Court ruling in "Clear Channel UK Limited v Manchester City Council" ([2004] EWHC 2873, L130072) relating to the law affecting leases for erecting advertising hoardings. Outdoor advertising company (C) erected hoardings and began paying rent on land owned by the council (B) despite both agreements involved being unsigned. C claimed that the agreements constituted leases but B believed that it only granted licences and could reclaim its land. HC ruled that one of the agreements was a lease, granting C a protected tenancy and full tenant's rights. Advises landlords to work out watertight agreements with advertising firms as landlords cannot guarantee that an agreement is a licence just because they think it is. The safest way to deal with this problem is to create a lease contracted out of the Landlord and Tenant Act 1954, which removes the occupier's security of tenure. | ||
| 590 | _aIKA210605 | ||
| 650 | _aCLEAR CHANNEL UK LTD V MANCHESTER CITY COUNCIL | ||
| 650 | _aLANDLORD AND TENANT ACT 1954 | ||
| 690 | _aPROPERTY-COMMERCIAL PROPERTY | ||
| 942 | _n0 | ||
| 999 |
_c75433 _d75433 |
||